Mensaje del Arte Sagrado /
El autor hace un recorrido histórico a través de los movimientos del arte religioso. También estudia el presente de su tiempo profundizando en España. Finalmente piensa en el futuro, de como va a ser pensado y producido este tipo de arte religioso
I tiakina i:
| Kaituhi matua: | |
|---|---|
| Hōputu: | Pukapuka |
| Reo: | Pāniora |
| I whakaputaina: |
Barcelona, España :
Juan Flors,
1957
|
| Rangatū: | (Remanso ;
21) |
| Ngā marau: | |
| Ngā Tūtohu: |
Kāore He Tūtohu, Me noho koe te mea tuatahi ki te tūtohu i tēnei pūkete!
|
MARC
| LEADER | 00000nam^a2200000^a^4500 | ||
|---|---|---|---|
| 001 | 000009386 | ||
| 005 | 20250521000000.0 | ||
| 009 | 20260310083624.261 | ||
| 037 | |a Acervo ITESO - Biblioteca | ||
| 041 | |a ESP | ||
| 082 | |a 709. 02 CAM | ||
| 100 | |a Camprubí Alemany, Francisco |e (autor) | ||
| 245 | 1 | 0 | |a Mensaje del Arte Sagrado / |c F. Camprubí Alemany. |
| 264 | 1 | |a Barcelona, España : |b Juan Flors, |c 1957 | |
| 300 | |a 266 p. | ||
| 336 | |a texto |b txt |2 rdacontenido | ||
| 337 | |a sin mediación |b n |2 rdamedio | ||
| 338 | |a volumen |b nc |2 rdasoporte | ||
| 440 | 1 | |a (Remanso ; |v 21) | |
| 520 | |a El autor hace un recorrido histórico a través de los movimientos del arte religioso. También estudia el presente de su tiempo profundizando en España. Finalmente piensa en el futuro, de como va a ser pensado y producido este tipo de arte religioso | ||
| 649 | |a XX | ||
| 650 | |a Arte Religioso | ||
| 650 | |a Arte Religioso | ||
| 910 | |a Fondo General | ||
| 920 | |a Impresos - Libros | ||
| 930 | |a Colección General | ||
| 905 | |a 101 | ||
| 901 | |a 0093860100 |b IT1 |c ACC |i 009386 |u 20250521 | ||
| 902 | |a https://opac.biblio.iteso.mx/vufind/Record/000009386 | ||